Contributions to the study of coal: (Record no. 27157)

MARC details
000 -LEADER
fixed length control field 01442cam a22003011 4500
001 - CONTROL NUMBER
control field gs 35000001
003 - CONTROL NUMBER IDENTIFIER
control field DLC
005 - DATE AND TIME OF LATEST TRANSACTION
control field 20260227111339.0
008 - FIXED-LENGTH DATA ELEMENTS--GENERAL INFORMATION
fixed length control field 790607s1934 ilua s000 0 eng
010 ## - LIBRARY OF CONGRESS CONTROL NUMBER
LC control number gs 35000001
035 ## - SYSTEM CONTROL NUMBER
System control number (OCoLC)5045725
040 ## - CATALOGING SOURCE
Original cataloging agency DLC
Transcribing agency TxCM
Modifying agency DLC
042 ## - AUTHENTICATION CODE
Authentication code premarc
050 00 - LIBRARY OF CONGRESS CALL NUMBER
Classification number TP325
Item number .I63 1934
110 2# - MAIN ENTRY--CORPORATE NAME
Corporate name or jurisdiction name as entry element Illinois State Geological Survey
245 10 - TITLE STATEMENT
Title Contributions to the study of coal:
Remainder of title A proposed simplification of the Parr unit coal formula,
Statement of responsibility, etc. by Gilbert Thiessen. Ash-to-mineral matter correction in coal analyses, by Gilbert Thiessen. Unit coal as a basis of coal standardization as applied to Illinois coals, by G. H. Cady and O. W. Rees. Studies of the graphical method of calculating pure coal calorific value, by Gilbert Thiessen and Frank H. Reed.
260 ## - PUBLICATION, DISTRIBUTION, ETC.
Place of publication, distribution, etc. Urbana, Illinois,
Name of publisher, distributor, etc. Printed by authority of the state of Illinois,
Date of publication, distribution, etc. 1934.
300 ## - PHYSICAL DESCRIPTION
Extent 99 p.
Other physical details illus.
490 1# - SERIES STATEMENT
Series statement Its Report of investigations
Volume/sequential designation no. 32
500 ## - GENERAL NOTE
General note At head of title: State of Illinois. Department of Registration and Education. Division of the State Geological Survey.
650 #0 - SUBJECT ADDED ENTRY--TOPICAL TERM
Topical term or geographic name entry element Coal
General subdivision Analysis.
650 #0 - SUBJECT ADDED ENTRY--TOPICAL TERM
Topical term or geographic name entry element Coal
Geographic subdivision Illinois.
700 1# - ADDED ENTRY--PERSONAL NAME
Personal name Thiessen, Gilbert,
Dates associated with a name 1905-
700 1# - ADDED ENTRY--PERSONAL NAME
Personal name Cady, Gilbert H.
Fuller form of name (Gilbert Haven),
Dates associated with a name 1882-
700 1# - ADDED ENTRY--PERSONAL NAME
Personal name Rees, Orin Wainwright,
Dates associated with a name 1898-
700 1# - ADDED ENTRY--PERSONAL NAME
Personal name Reed, Frank Hynes,
Dates associated with a name 1890-
810 2# - SERIES ADDED ENTRY--CORPORATE NAME
Corporate name or jurisdiction name as entry element Illinois State Geological Survey.
Title of a work Report of investigations
Volume/sequential designation no. 32.

No items available.

Powered by Koha